=LDR 00000nam 2200000 4500 =001 NUTBA000000000002217 =005 20140609121133.0 =006 =007 =008 =020 ##$$a 978-979-29-2531-9 =035 ##$$0010-061400000000160 =040 ##$$a NBPDMAT =082 ##$$a 650.1 =090 ##$$a 650.1 $b Suy s =100 ##$$a Suyanto, M =245 ##$$a Smart in enterpreneur everyone can become a successful enterpreneur / $c M. Suyanto =250 ##$$a Ed.1 =260 ##$$a Yogyakarta : $b Andi, $c 2011 =300 ##$$a xiv, 160 hlm. : $b ilus. ; $c 19 cm. =500 ##$$a Bibliografi : hlm. 155 =850 ##$$a NBPDMAT =990 ##$$a 21401267 =990 ##$$a 0001/BPAP-NTB/20142015 =990 ##$$a 0001/BPAP-NTB/20142015 =990 ##$$a 0001/BPAP-NTB/20142015 =990 ##$$a 0001/BPAP-NTB/20142015